| 000 | 00350nam a2200133Ia 4500 | ||
|---|---|---|---|
| 005 | 20260328101529.0 | ||
| 008 | 260328s9999||||xx |||||||||||||| ||und|| | ||
| 100 | _aCorrea, Mireya | ||
| 245 | 0 |
_aArboles y Arbusto del Parque Nacional Metropolitano,Panamá / _cMireya Correa |
|
| 260 | _bInbio | ||
| 300 | _a112 p. | ||
| 650 | _aPAISAJISMO | ||
| 942 | _cBK | ||
| 999 |
_c9924 _d9924 |
||